| 000 | 00514nam a2200193Ia 4500 | ||
|---|---|---|---|
| 005 | 20240823043337.0 | ||
| 008 | 240823s9999||||xx |||||||||||||| ||und|| | ||
| 020 | _a978-93-80241-38-8 | ||
| 041 | _aENGLISH | ||
| 082 | _A005.133 Q1 | ||
| 100 | _aRamesh Babu V et al. | ||
| 245 | 0 | _aFundamentals of Computing and programming | |
| 250 | _a1st | ||
| 260 |
_c2011 _bVRB Publishers Pv _aChennai |
||
| 500 | _aTRANSFERED | ||
| 650 |
_aComputing and Programming _bComputer Science |
||
| 942 | _cBK | ||
| 999 |
_c210013 _d210013 |
||